[Event "ICS Rated blitz match"]
[Site "204.178.125.65"]
[Date "1999.08.07"]
[Round "?"]
[White "Talmoves"]
[Black "Hossa"]
[Result "1-0"]
[WhiteElo "2491"]
[BlackElo "2499"]
[Annotator "Fritz 5.32 (15s)"]
[PlyCount "109"]
[EventDate "1999.??.??"]

1. c4 1... c6 {Opening = 2.c3 d5} 2. e4 d5 3. exd5 cxd5 4. d4 Nc6 5. cxd5 Qxd5
6. Nf3 e5 7. Nc3 Bb4 8. Bd2 Bxc3 9. Bxc3 e4 10. Ne5 Nxe5 (10... Nh6 11. Bc4 Qd6
12. Qe2 Bf5 13. Rd1 Rd8 14. O-O O-O 15. h3 Nxe5 16. dxe5 Qg6 17. Rxd8 Rxd8 18.
Rd1 Rc8 19. Rd6 Be6 20. Bd5 e3 21. Bxb7 Rf8 22. fxe3 Nf5 23. Rd1 Ng3 24. Qf3
Bc4 25. Re1 Bxa2 26. Kh2 Nf5 27. Be4 Be6 28. Rf1 Nh4 29. Qf4 Qh5 30. g4 g5 31.
gxh5 gxf4 32. Rxf4 {1-0 Ostermeyer,P-Kaiser,W/BL8687 1987/GER-chT (32)}) 11.
dxe5 Qc6 (11... Qxd1+ 12. Rxd1 Ne7 13. Bb5+ Nc6 14. Rd6 Bd7 15. O-O O-O-O 16.
Bc4 Be8 17. Rxd8+ Nxd8 18. Bd5 Bc6 19. Bxc6 Nxc6 20. Re1 Re8 21. Rxe4 f6 22.
Rg4 Re7 23. exf6 gxf6 24. Rf4 Ne5 25. Rxf6 Nd3 26. Kf1 Kc7 27. g3 b5 28. a3 {
1-0 Maric,M-Benderac,A/JUG 1997/EXT 99 (28)}) 12. Ba5 $146 (12. Be2 Be6 13. a4
a6 14. O-O Rd8 15. Qc1 Ne7 16. Bb4 Rd4 17. Bc5 Rd5 18. b4 Ng6 19. f4 Nh4 20.
Qe3 Nf5 21. Qf2 f6 22. g4 Ne7 23. f5 Bf7 24. e6 Bh5 25. Bxe7 Kxe7 26. gxh5 g6
27. b5 Qd6 28. Qa7 Rb8 29. Rad1 gxf5 30. Kh1 Rxd1 31. Rxd1 Qf4 32. Qc5+ Ke8 33.
Rd7 {1-0 Reides,M-Salvatore,L/Buenos Aires 1996/EXT 98 (33)}) 12... Bd7 13. Rc1
Qe6 14. Bc4 Qxe5 15. Bc3 Qg5 16. Bxf7+ Kxf7 17. Qxd7+ Ne7 18. O-O b6 19. Rfe1
Rhe8 20. Ra1 Rad8 21. Qxa7 Qg6 22. Qc7 Kg8 23. Qc4+ Nd5 24. Rad1 Qf5 25. Rd4
Rf8 26. Rd2 (26. Rdxe4 $6 26... Qxf2+ 27. Kh1 27... b5 $14) (26. Rexe4 $4 {
das Schlagen des Bauern ist schlecht} 26... Qxf2+ 27. Kh1 Qf1+ 28. Qxf1 Rxf1#)
26... Rd7 (26... Kh8 27. Qd4 (27. Qxe4 Qxe4 28. Bxg7+ Kxg7 29. Rxe4 Nb4 30.
Re7+ 30... Kg8 $17) 27... Rd7 28. Qe5 $18) 27. Bb4 (27. Rxe4 {
ist schnell zu verwerfen} 27... b5 28. g4 bxc4 29. gxf5 Nxc3 30. Rxd7 30...
Nxe4 $17) 27... Re8 28. Rd4 Rdd8 29. Rdxe4 (29. h3 29... Re5 $18) 29... Rxe4
30. Rxe4 (30. Qxe4 $2 30... Qxe4 31. Rxe4 31... Nxb4 $19) 30... Rc8 31. g4 $1 {
das wars. Droht Matt: gxf5} 31... Qd7 ({Nicht} 31... Rxc4 32. Re8+ (32. gxf5 $4
{zu gefraessig} 32... Rxe4 (32... Rxb4 $6 33. Re5 Nf4 34. b3 $19) 33. Bd6 33...
Re2 $19) 32... Kf7 33. Rf8+ (33. gxf5 {wie erging es noch Kieseritzky?} 33...
Kxe8 (33... Rxb4 $6 34. Rd8 Ne7 35. f6 Kxf6 36. b3 $19) (33... Nxb4 $6 34. Re6
$19) 34. Bd6 Nf4 35. Bxf4 35... Rxf4 $19) 33... Ke6 34. gxf5+ Ke5 35. Re8+ Kf4
36. Bd6+ Kf3 37. Re1 $16) 32. Qd3 Qf7 33. Rc4 {
Droht Matt. Nun geraet Schwarz unter starken Druck.} 33... Re8 34. Bd2 Nf6 35.
g5 Nd5 36. Rh4 g6 37. Rd4 Rd8 38. a4 Rd6 39. b4 Kh8 40. Rc4 Qf8 (40... Qd7 41.
a5 $18) 41. Re4 (41. Bc3+ $5 {erleichterte Weiss die Gewinnfuehrung} 41... Kg8
42. Rc6 Qf4 43. Rxd6 43... Qxd6 $18) 41... Kg8 42. Qc4 Kh8 (42... Rd8 43. a5
$18) 43. a5 bxa5 44. bxa5 {Der Freibauer a5 greift sofort ein} 44... Rd8 45. a6
(45. Bc1 {ginge schneller} 45... h5 46. gxh6 46... Kh7 $18) 45... Qf5 (45...
Kg8 46. Ba5 Rd7 47. a7 $18) 46. Re7 {
Es droht Matt. Weiss erhaelt Koenigsangriff} 46... Kg8 47. Rb7 Qf3 (47... h5
48. a7 Rf8 49. Qd4 Qg4+ 50. Qxg4 hxg4 51. Rb8 $18) 48. Qd4 {Droht Matt: Qg7}
48... Qf8 (48... Qd1+ 49. Kg2 Ne3+ 50. Qxe3 Qg4+ 51. Kh1 Qd1+ 52. Be1 Qd5+ 53.
Kg1 $18) 49. Qe5 (49. a7 $5 {damit wuerde Weiss es sich noch erleichtern} 49...
Nc7 50. Qxd8 50... Qxd8 $18) 49... Rd6 (49... Ne7 {ist noch eine duenne Chance}
50. a7 Rxd2 51. Qe6+ 51... Kh8 $18) 50. a7 {Droht Matt} 50... Nc7 51. Rxc7 Rc6
(51... Rxd2 {kann das Vorangegangene nicht ungeschehen machen} 52. Rg7+ Qxg7
53. a8=Q+ Rd8 54. Qe6+ Qf7 55. Qxd8+ Kg7 56. Qe5+ Qf6 57. Qexf6#) 52. Qd5+ Kh8
(52... Re6 {hilft auch nicht mehr} 53. Qxe6+ Qf7 54. Qxf7+ Kh8 55. a8=Q#) 53.
a8=Q (53. a8=R Rf6 54. gxf6 Qxa8 55. Qxa8#) 53... Rc1+ (53... Rf6 {
aendert den traurigen Lauf der Dinge nicht} 54. Qxf8+ Rxf8 55. Bc3+ Rf6 56.
Bxf6#) 54. Bxc1 Qg8 (54... Qxa8 {hilft auch nicht mehr} 55. Qxa8#) 55. Qaxg8# (
55. Qdxg8# $6 $11) 1-0

[Event "ICS rated blitz match"]
[Site "204.178.125.65"]
[Date "1999.08.07"]
[Round "?"]
[White "SuperChicken"]
[Black "Hossa"]
[Result "1-0"]
[WhiteElo "2734"]
[BlackElo "2483"]
[PlyCount "90"]
[EventDate "1999.??.??"]

1. d4 Nf6 2. Nf3 d5 3. c4 dxc4 4. Nc3 Nc6 5. e3 Be6 6. Ng5 Bg4 7. f3 Bh5 8.
Bxc4 h6 9. Nh3 Qd7 10. Nf4 e5 11. Nxh5 Nxh5 12. Qb3 Rb8 13. Bb5 exd4 14. exd4
Bb4 15. d5 Qe7+ 16. Kd1 Qd6 17. Ne4 Qe5 18. Qxb4 Qxd5+ 19. Bd2 f5 20. Nc3 Qd6
21. Bxc6+ Qxc6 22. Nb5 Qd7 23. Re1+ Kf7 24. Qc4+ Kg6 25. Nxc7 Nf6 26. Ne6 Rhe8
27. Qc7 Qxc7 28. Nxc7 Rxe1+ 29. Kxe1 Rd8 30. Rc1 Rd7 31. Rc5 b6 32. Rc6 Kf7 33.
Bf4 Ng8 34. Nb5 g6 35. Be5 Rd5 36. Nd6+ Ke7 37. Nc8+ Kd7 38. Rc7+ Kd8 39. Bg3
g5 40. Nxa7 Ke8 41. Bf2 Re5+ 42. Kf1 Rd5 43. Bxb6 Rd2 44. Nc8 Nf6 45. Re7+
45... Kf8 {Hossa resigns} 1-0

[Event "ICS rated blitz match"]
[Site "204.178.125.65"]
[Date "1999.08.07"]
[Round "?"]
[White "Hossa"]
[Black "Secret"]
[Result "1-0"]
[WhiteElo "2477"]
[BlackElo "2555"]
[PlyCount "163"]
[EventDate "1999.??.??"]

1. d4 d5 2. c4 c6 3. Nc3 Nf6 4. cxd5 cxd5 5. Bf4 Nc6 6. e3 a6 7. Bd3 Bg4 8.
Nge2 e6 9. f3 Bh5 10. O-O Bg6 11. Bxg6 hxg6 12. e4 Rc8 13. Rc1 b5 14. Bg5 b4
15. Na4 Be7 16. Bxf6 Bxf6 17. Nc5 dxe4 18. Nxe4 Be7 19. Qa4 Qb6 20. Rc4 Qb5 21.
Qxb5 axb5 22. Rc2 Kd7 23. Rfc1 f5 24. Nc5+ Bxc5 25. Rxc5 b3 26. a3 b4 27. axb4
Nxb4 28. Rxc8 Rxc8 29. Rxc8 Kxc8 30. Nc1 Kc7 31. Nxb3 Nc2 32. Kf2 Kc6 33. h4
Kd5 34. f4 Nxd4 35. Nd2 Kc5 36. Ke3 Nc2+ 37. Ke2 Kd5 38. g3 e5 39. fxe5 Kxe5
40. Kd3 Nb4+ 41. Kc4 Nd5 42. b4 Nb6+ 43. Kb5 Nd7 44. Kc6 Nb8+ 45. Kb7 Nd7 46.
Kc7 Nf6 47. b5 Nd5+ 48. Kc6 Ke6 49. b6 Ne7+ 50. Kb7 g5 51. Ka8 f4 52. b7 Nc6
53. gxf4 gxf4 54. Nb3 f3 55. Nd4+ Nxd4 56. b8=Q Kf5 57. Qb7 Kf4 58. Qxg7 Ne2
59. h5 Ng3 60. Qd4+ Ne4 61. h6 f2 62. Qxf2+ Nxf2 63. Kb8 Ke4 64. h7 Nd3 65.
h8=Q Ne5 66. Kc7 Kd5 67. Qf6 Nc4 68. Qc3 Ne5 69. Qe3 Nc4 70. Qd3+ Kc5 71. Qe4
Kb4 72. Kc6 Kc3 73. Kc5 Nd2 74. Qd4+ Kc2 75. Kd5 Nb3 76. Qc4+ Kb2 77. Qd3 Kc1
78. Qxb3 Kd2 79. Ke4 Ke2 80. Qb2+ Kd1 81. Kf3 Ke1 82. Qc1# {Secret checkmated}
1-0

[Event "ICS Rated blitz match"]
[Site "204.178.125.65"]
[Date "1999.08.07"]
[Round "?"]
[White "Talmoves"]
[Black "Hossa"]
[Result "1/2-1/2"]
[WhiteElo "2515"]
[BlackElo "2497"]
[Annotator "Fritz 5.32 (15s)"]
[PlyCount "153"]
[EventDate "1999.??.??"]

1. e4 1... c6 {Opening = B15 - 3.Nc3(de4 4.Ne4 Nf6 5.Nf6 ef6)} 2. d4 d5 3. Nc3
dxe4 4. Nxe4 4... Qa5+ $146 (4... e6 5. Bc4 (5. Nf3 Nd7 6. Bd3 Ngf6 7. c3 c5 8.
Bg5 cxd4 9. Nxd4 Qb6 10. Nxf6+ gxf6 11. Bc1 f5 12. Qe2 Be7 13. O-O Nc5 14. Bc2
Bd7 15. b4 Na4 16. Bd2 Rg8 17. Rfe1 Rc8 18. Nxf5 Nxc3 19. Bxc3 Rxc3 20. Nxe7
Kxe7 21. Bxh7 Rgc8 22. a3 Qd4 23. Rad1 Qg7 24. Be4 R8c7 25. Qd2 Rxa3 26. Qd6+
Kd8 27. g3 Ra6 28. Qf4 Ke7 29. Qxc7 {
1-0 Rubtsova,O-Larsen,I/Moscow 1950/MCD (29)}) 5... Nd7 6. Qe2 Nb6 7. Bb3 Qxd4
8. Nf3 Qd8 9. Bg5 Qc7 10. O-O-O Nd5 11. Bxd5 cxd5 12. Rxd5 Bd7 13. Rhd1 Bc6 14.
Rd8+ Rxd8 15. Rxd8+ Qxd8 16. Bxd8 Kxd8 17. Ne5 Be8 18. Qd2+ Kc7 19. Qa5+ {
1-0 Schneider,S-Struyk,C/Biel 1993/TD (19)}) (4... h6 5. Nf3 Bf5 6. Nc5 Nd7 7.
Nxd7 Qxd7 8. Ne5 Qd8 9. Qf3 e6 10. Bd3 Qxd4 11. Nxc6 Qc5 12. Bxf5 Qxf5 13. Qxf5
exf5 14. Nd4 g6 15. Bf4 O-O-O 16. O-O-O g5 17. Be5 f6 18. Ne6 Re8 19. Nxf8 {
Rivas Pastor,M-Bellon Lopez,J/Albacete 1989/EXT 97/1-0 (51)}) (4... g6 5. Bc4
Bg7 6. Nf3 Nh6 7. Ne5 O-O 8. O-O Nd7 9. Nxd7 Bxd7 10. c3 Qc7 11. h3 Nf5 12. Re1
Rad8 13. Qf3 Bc8 14. Bf4 Nd6 15. Re2 Bf5 16. Nxd6 exd6 17. Rae1 Kh8 18. Qg3 Bf6
19. Bh6 {Ivkov,B-Vidmar,M/Bled 1950/MCD/1-0 (43)}) 5. c3 Qd5 6. Qf3 Bf5 7. Ng3
7... Bc2 $14 (7... Bg6 8. Qxd5 cxd5 9. Bb5+ Nc6 10. Nf3 $11) 8. Qxd5 cxd5 9.
Bb5+ Nc6 10. Bf4 10... e6 {Ueberdeckt f5} 11. Kd2 Bg6 12. Nf3 Nge7 13. Rhe1
O-O-O 14. Ba4 Nf5 15. Nxf5 Bxf5 16. Bxc6 bxc6 17. Bg3 Rd7 18. Ne5 Rc7 19. f3 {
Verwehrt dem Gegner e4+g4} 19... f6 20. Nd3 Rb7 21. b3 Ba3 22. b4 {
Weiss ergreift die Initiative} 22... Re8 23. Rab1 Rb6 24. Rb3 Bxd3 25. Kxd3 Ra6
26. Kc2 Kd7 27. Re3 Ra4 28. Rb1 g5 29. Rbe1 Ra6 30. R3e2 h6 31. h4 Rb6 32. hxg5
hxg5 33. Rh1 Re7 34. Rh6 Rf7 35. Rh8 Rb7 36. Ra8 36... Rg7 $18 (36... g4 $5 $16
) 37. Bb8 $14 (37. Re1 $18 $142 {und aller Vorteil laege nun bei Weiss}) 37...
Bxb4 38. Rxa7 {Der Freibauer a2 ist ein wichtiges Motiv} 38... Rxa7 39. Bxa7
Bd6 40. a4 g4 41. a5 gxf3 42. gxf3 Rg3 43. Rf2 Rg1 44. Bb6 Bg3 45. Re2 Bb8 46.
Kb2 Bf4 47. a6 Rg8 48. a7 Ra8 49. Rg2 e5 50. Rg6 (50. Rg7+ 50... Ke6 $16) 50...
Ke6 51. dxe5 Bxe5 52. Rg7 Bd6 53. Kc2 Re8 54. Kd3 f5 55. Rg6+ Kd7 56. c4 Be5
57. cxd5 cxd5 58. Bd4 Bd6 59. Rf6 $16 (59. Rg5 $5 $18 $142) 59... f4 60. Rh6
Kc7 61. Rg6 (61. Rh8 Rxh8 62. Bxh8 62... Kb7 $18) 61... Kd7 62. Rg4 Kc6 63. Rh4
Kb7 (63... Ra8 64. Rh6 Kc7 65. Kc3 $16) 64. Rh5 Kc6 65. Rf5 $16 (65. Rh8 Rxh8
66. Bxh8 66... Kb7 $18) 65... Rd8 $2 $18 (65... Ra8 $5 $16 $142) 66. Rf6 {
Weiss droht Be5} 66... Kb7 67. Rh6 $16 (67. Bb6 $1 $142 67... Bc7 68. Bxc7 Kxc7
69. Rxf4 $18) 67... Bc7 68. Rh7 Kc6 69. Rf7 Bd6 70. Bf2 Rc8 71. Rf6 Kd7 72. Rh6
72... Kc6 $18 (72... Ra8 $5 $16 $142) 73. Rg6 $16 (73. Be1 $5 73... Kd7 74. Kd4
74... Bf8 $18) 73... Kd7 $18 (73... Re8 $5 $16 $142) 74. Rg7+ $16 (74. Kd4 $142
{und die Waage neigt sich zugunsten von Weiss} 74... Re8 75. Kxd5 Re5+ 76. Kc4
$18) 74... Kc6 75. Rg6 $11 (75. Bd4 $5 $16 $142) 75... Kd7 76. Rg7+ $4 $11 {
danach wendet sich das Blatt} (76. Kd4 $142 {und Weiss bekommt die Oberhand}
76... Re8 77. Kxd5 Re5+ 78. Kc4 $18) 76... Kc6 77. Rg6 $11 (77. Bd4 $5 $16 $142
) 1/2-1/2

[Event "ICS rated blitz match"]
[Site "204.178.125.65"]
[Date "1999.08.07"]
[Round "?"]
[White "Hossa"]
[Black "MissSilicon"]
[Result "0-1"]
[WhiteElo "2498"]
[BlackElo "2625"]
[PlyCount "51"]
[EventDate "1999.??.??"]

1. d4 Nf6 2. c4 e5 3. dxe5 Ng4 4. Nf3 Bc5 5. e3 Nc6 6. Be2 Ncxe5 7. Nxe5 Nxe5
8. O-O O-O 9. e4 d6 10. Bf4 Qh4 11. Bxe5 dxe5 12. Qc2 Qg5 13. Qb3 Rd8 14. Nc3
Bh3 15. Bf3 Rd3 16. Qxb7 Rf8 17. Kh1 Rxf3 18. gxh3 Qh5 19. Qd5 Rxh3 20. Qd3
Rxd3 21. Rg1 Rfd8 22. Rg2 Rd1+ 23. Rxd1 Rxd1+ 24. Nxd1 Qxd1+ 25. Rg1 Qf3+ 26.
Rg2 {Hossa resigns} 0-1

[Event "ICS rated blitz match"]
[Site "204.178.125.65"]
[Date "1999.08.07"]
[Round "?"]
[White "libertad"]
[Black "Hossa"]
[Result "0-1"]
[WhiteElo "2330"]
[BlackElo "2488"]
[PlyCount "124"]
[EventDate "1999.??.??"]

1. e4 c6 2. d4 d5 3. Nd2 Nf6 4. Bd3 dxe4 5. Nxe4 Qxd4 6. Nf3 Qd5 7. Nxf6+ exf6
8. O-O Be7 9. Re1 Bg4 10. Qe2 Qe6 11. Qd1 Bxf3 12. gxf3 Qd6 13. Qe2 Nd7 14. Bf4
Qe6 15. Qxe6 fxe6 16. Rxe6 Nc5 17. Re2 Nxd3 18. cxd3 Kd7 19. Rae1 Bb4 20. Bd2
Bxd2 21. Rxd2 Rae8 22. Rde2 Rxe2 23. Rxe2 a5 24. Re3 b6 25. a3 Rd8 26. Kf1 c5
27. Ke2 a4 28. Re4 b5 29. Rh4 Rh8 30. Rh5 Kd6 31. Kd2 g6 32. Rh4 g5 33. Re4 f5
34. Re3 Rd8 35. Kc3 f4 36. Re4 Rf8 37. h3 Rf5 38. Kd2 Rf6 39. Re8 Rh6 40. Rd8+
Kc7 41. Rg8 Rh5 42. Kc3 h6 43. Rg7+ Kc6 44. Rg6+ Kd5 45. Rb6 Rxh3 46. Rxb5 Rxf3
47. Rb6 Rxf2 48. Rxh6 g4 49. Rf6 g3 50. Rf5+ Kd6 51. Rg5 g2 52. b4 axb3 53.
Kxb3 f3 54. a4 Rf1 55. Rg6+ Ke5 56. Kc4 g1=Q 57. Rxg1 Rxg1 58. a5 Ra1 59. Kxc5
Rxa5+ 60. Kc4 Rd5 61. Kc3 f2 62. Kc4 62... f1=Q {libertad resigns} 0-1

[Event "ICS rated blitz match"]
[Site "204.178.125.65"]
[Date "1999.08.07"]
[Round "?"]
[White "inmortal"]
[Black "Hossa"]
[Result "0-1"]
[WhiteElo "2343"]
[BlackElo "2506"]
[PlyCount "112"]
[EventDate "1999.??.??"]

1. e4 c6 2. Nc3 d5 3. Nf3 Bg4 4. h3 Bxf3 5. Qxf3 e6 6. d3 Bb4 7. Bd2 d4 8. Nb1
Qb6 9. b3 Ne7 10. a3 Bxd2+ 11. Nxd2 O-O 12. g3 e5 13. Bg2 Qa5 14. Qe2 f5 15.
O-O fxe4 16. Qxe4 Qxd2 17. Qxe5 Ng6 18. Qxd4 Qxc2 19. Rfe1 Qxb3 20. f4 Qb6 21.
Qxb6 axb6 22. h4 Rd8 23. h5 Nf8 24. Re7 Rxd3 25. Rxb7 Nfd7 26. Re1 Kf7 27. Bh3
Rxg3+ 28. Kh2 Rd3 29. Bf5 Rd2+ 30. Kg1 Rxa3 31. Bxh7 Rg3+ 32. Kf1 Rf3+ 33. Kg1
Rxf4 34. Bg6+ Kf6 35. Re8 Na6 36. Rd8 Rc4 37. Rf8+ Nxf8 38. Rf7+ Ke5 39. Rxf8
Rc1+ 40. Rf1 Rxf1+ 41. Kxf1 Kd4 42. h6 gxh6 43. Ke1 Kc3 44. Bf5 b5 45. Be4 Nb8
46. Bf5 c5 47. Be4 b4 48. Bf5 b3 49. Bh7 b2 50. Bb1 Nc6 51. Bf5 Ne5 52. Bb1
Nf3+ 53. Kf1 Kd4 54. Bg6 b1=Q+ 55. Bxb1 Ke3 56. Bd3 56... Rf2# {
inmortal checkmated} 0-1

[Event "ICS rated blitz match"]
[Site "204.178.125.65"]
[Date "1999.08.07"]
[Round "?"]
[White "Hossa"]
[Black "Kengtin"]
[Result "1-0"]
[WhiteElo "2515"]
[BlackElo "2125"]
[PlyCount "39"]
[EventDate "1999.??.??"]

1. d4 e6 2. Bf4 c5 3. dxc5 Bxc5 4. Bd6 Qb6 5. Bxc5 Qxc5 6. Nd2 Nf6 7. Nb3 Qb6
8. e3 d5 9. Qd4 Qd6 10. O-O-O Nc6 11. Qc5 Qc7 12. Bd3 Nd7 13. Qa3 b6 14. Nf3
Bb7 15. e4 Na5 16. Nxa5 bxa5 17. exd5 Bxd5 18. Bb5 Rb8 19. Rxd5 exd5 20. Re1+ {
Kengtin resigns} 1-0

[Event "ICS rated blitz match"]
[Site "204.178.125.65"]
[Date "1999.08.07"]
[Round "?"]
[White "Hossa"]
[Black "inmortal"]
[Result "1-0"]
[WhiteElo "2518"]
[BlackElo "2334"]
[PlyCount "29"]
[EventDate "1999.??.??"]

1. d4 Nf6 2. c4 g6 3. Nc3 Bg7 4. e4 d6 5. f3 O-O 6. Be3 Nbd7 7. g4 c5 8. d5 a6
9. Rb1 b5 10. cxb5 Qa5 11. Qa4 Qxa4 12. Nxa4 axb5 13. Bxb5 Ba6 14. Bc6 Rab8 15.
g5 {inmortal resigns} 1-0

[Event "ICS rated blitz match"]
[Site "204.178.125.65"]
[Date "1999.08.07"]
[Round "?"]
[White "SuperChicken"]
[Black "Hossa"]
[Result "1-0"]
[WhiteElo "2740"]
[BlackElo "2526"]
[PlyCount "153"]
[EventDate "1999.??.??"]

1. e4 c6 2. d4 d5 3. Nc3 dxe4 4. Nxe4 Qa5+ 5. Nc3 e5 6. Qh5 Bb4 7. Qxe5+ Qxe5+
8. dxe5 Bxc3+ 9. bxc3 Be6 10. Nf3 Nd7 11. Be2 Bd5 12. Bf4 Ne7 13. Nh4 Rd8 14.
Rb1 b6 15. c4 Be4 16. Rc1 h6 17. f3 Bh7 18. Bg3 g5 19. f4 gxh4 20. Bxh4 Nc5 21.
Rf1 Ne4 22. f5 Rd4 23. Bxe7 Kxe7 24. Rf4 c5 25. Bd3 Nc3 26. Rf3 Kd7 27. Bf1
Nxa2 28. Ra1 Nb4 29. Rxa7+ Kc6 30. c3 Nc2+ 31. Ke2 Rd7 32. Ra2 Re8 33. Rxc2
Rxe5+ 34. Re3 Bxf5 35. Rxe5 Bxc2 36. g3 Bd3+ 37. Ke1 Bxf1 38. Kxf1 Rd2 39. Rh5
Rd6 40. Rf5 Rd3 41. Rf6+ Kb7 42. Rxh6 Rxc3 43. Rh4 Rc2 44. h3 Ka6 45. Rf4 f5
46. h4 Ka5 47. h5 Kb4 48. h6 Rd2 49. Rh4 Rd8 50. Ke2 Rh8 51. Kf2 Kb3 52. Ke3
Rh7 53. Kf4 b5 54. cxb5 c4 55. Kxf5 c3 56. Rh1 Rh8 57. h7 c2 58. Kg6 Rd8 59.
Rf1 Rd6+ 60. Kg5 Rd5+ 61. Kg4 Rd8 62. b6 Kb2 63. Kf5 c1=Q 64. Rxc1 Kxc1 65. g4
Kd2 66. g5 Rf8+ 67. Kg4 Ke1 68. g6 Rc8 69. g7 Rc4+ 70. Kf5 Rc5+ 71. Ke4 Rc4+
72. Kd3 Rc6 73. g8=Q Rd6+ 74. Ke3 Kd1 75. h8=Q Rh6 76. Qa1+ Kc2 77. Qc4# {
Hossa checkmated} 1-0

[Event "ICS rated blitz match"]
[Site "204.178.125.65"]
[Date "1999.08.07"]
[Round "?"]
[White "Hossa"]
[Black "Talmoves"]
[Result "0-1"]
[WhiteElo "2519"]
[BlackElo "2508"]
[Annotator "Fritz 5.32 (15s)"]
[PlyCount "97"]
[EventDate "1999.??.??"]

1. d4 1... Nf6 {Opening = E31 - 4.Bg5 h6 5.Bh4 c5 6.d5 d6} 2. c4 e6 3. Nc3 Bb4
4. Bg5 h6 5. Bh4 c5 6. d5 d6 7. Rc1 e5 (7... Bxc3+ 8. Rxc3 g5 9. Bg3 Ne4 10.
Ra3 Qb6 11. Qb3 Qxb3 12. Rxb3 b5 13. e3 exd5 14. cxd5 a6 15. Nf3 c4 16. Rb4 Nf6
17. Bxc4 bxc4 18. Bxd6 Nbd7 19. Rxc4 Nb6 20. Rd4 Nfxd5 21. Bc5 Rb8 22. O-O Be6
23. Rfd1 Nd7 24. Ba3 Rc8 25. h3 N7b6 26. Nd2 f5 27. g4 fxg4 28. Ne4 Rc6 29.
Nd6+ Kd7 30. e4 Rxd6 31. Bxd6 Kxd6 32. exd5 Nxd5 33. hxg4 Rc8 34. Ra4 Rc6 35.
Ra5 Ke5 36. Kg2 Rc2 37. Kg3 Re2 38. Rxa6 Nf4 39. b3 Re4 40. Ra5+ Bd5 41. a4
Ne2+ 42. Kh3 Nd4 43. Rd3 h5 44. Rxd5+ Kxd5 45. gxh5 Rh4+ 46. Kg2 g4 47. Rd1
Rxh5 48. Kg3 Rh3+ 49. Kxg4 49... Rxb3 {
- Haba,P-Movsesian,S/Zlin 1997/CBM 61 (49)}) 8. f3 Nbd7 9. e4 $146 (9. e3 Nf8
10. Bd3 Ng6 11. Bxg6 fxg6 12. Nge2 g5 13. Bf2 g4 14. f4 exf4 15. exf4 O-O 16.
O-O Nh5 17. Be1 Bf5 18. a3 Ba5 19. Ng3 Nxg3 20. Bxg3 Qd7 21. Kh1 Rae8 22. Re1
Bd8 23. Qd2 Bf6 24. Rxe8 Rxe8 25. Re1 a6 26. Bf2 h5 27. Re3 Kf7 28. Ne2 h4 29.
b4 b6 30. Nc1 Rxe3 31. Bxe3 Qa4 32. Qe2 32... Qxa3 {
0-1 Simon,G-Cerisier,P/Rouen 1987/EXT 97 (32)}) 9... O-O 10. Bd3 Nb6 11. Nge2
Bd7 12. O-O 12... a6 {Deckt b5} 13. f4 $15 (13. a3 $5 {
ist die kritische Fortsetzung} 13... Ba5 14. Rb1 $14) 13... exf4 14. a3 ({
Und nicht} 14. Rxf4 14... g5 15. Rxf6 15... Qxf6 $19) (14. Nxf4 g5 15. Nh5
15... Ng4 $11) 14... Ba5 $15 (14... Bxc3 15. Nxc3 (15. bxc3 $143 15... g5 $19)
15... g5 16. Bf2 $15) 15. Bxf6 ({Schlechter scheint} 15. Rxf4 15... g5 16. Rxf6
16... Qxf6 $17) ({Jedoch nicht} 15. Nxf4 15... g5 16. Nh5 16... Ng4 $11) 15...
Qxf6 ({Dagegen} 15... gxf6 16. Rb1 $16) 16. Rxf4 Qg5 17. Qd2 Na4 18. Rcf1 18...
Nxc3 $11 (18... b5 19. b4 bxc4 20. Bxc4 cxb4 21. Nxa4 Bxa4 22. axb4 Bb6+ 23.
Kh1 $11) 19. Nxc3 Rae8 20. Qf2 {Im Brennpunkt: f7} 20... f6 21. Nd1 Re5 22. Ne3
Rfe8 23. Rf3 Kh8 24. b3 {Kontrolliert a4} 24... Bc3 25. Kh1 25... Bd4 {
Ein schoenes Feld fuer den Laeufer} 26. Qe2 $2 $19 (26. Qg3 $15 $142 {
und Weiss spielt mit}) 26... Rxe4 $1 {ist die Ueberraschung!.} 27. Bxe4 Rxe4
28. Qd3 Rxe3 29. Rxe3 Bxe3 (29... Qxe3 $6 30. Qxe3 Bxe3 31. Re1 $17) 30. Qe4 f5
31. Qf3 f4 32. Qe4 (32. b4 Qg6 33. Re1 cxb4 34. axb4 34... Qc2 $19) 32... b5
33. Re1 Kg8 34. a4 34... bxa4 {Schwarz geht zum Angriff ueber} 35. bxa4 35...
Bf5 {Droht Matt} (35... Bxa4 $6 36. Qe6+ Kh7 37. Qe4+ Kh8 38. Rb1 $19) 36. Qe8+
Kh7 37. Rd1 (37. Rf1 $19 {sonst gehen die Lichter sofort aus}) 37... f3 (37...
Qg4 38. Rg1 Qe2 39. Qxe3 fxe3 40. h4 Qf2 41. Rf1 Qxf1+ 42. Kh2 Be4 43. Kg3
Qxg2+ 44. Kf4 Qf3#) 38. g3 38... f2 {Es droht Matt} 39. Kg2 39... Qg4 {
Es droht Matt} 40. Qxe3 40... Qxd1 {Droht Matt} 41. Kxf2 41... Bd3 {
Mit der Mattdrohung Qf1} 42. g4 Qc2+ 43. Kf3 43... Bxc4 {Droht Matt: Bxd5} 44.
Qe4+ Qxe4+ 45. Kxe4 g5 46. a5 Kg6 47. Ke3 Bxd5 48. Kf2 (48. Ke2 {
nuetzt auch nichts mehr} 48... Kf6 $19) 48... Kf6 49. Ke3 0-1

[Event "ICS rated blitz match"]
[Site "204.178.125.65"]
[Date "1999.08.07"]
[Round "?"]
[White "brutus"]
[Black "Hossa"]
[Result "0-1"]
[WhiteElo "2072"]
[BlackElo "2503"]
[PlyCount "64"]
[EventDate "1999.??.??"]

1. e4 c6 2. d4 d5 3. Nc3 dxe4 4. Nxe4 Bf5 5. Ng3 Bg6 6. Nf3 Nd7 7. Bd3 Bxd3 8.
Qxd3 e6 9. O-O Be7 10. c4 c5 11. d5 Nb6 12. Rd1 exd5 13. cxd5 c4 14. Qd4 Bf6
15. Qe4+ Qe7 16. d6 Qxe4 17. Nxe4 h6 18. Nc5 O-O-O 19. a4 Nd7 20. Ne4 Kb8 21.
Rb1 Re8 22. Nxf6 Ngxf6 23. Be3 Re6 24. Rbc1 Rc8 25. h3 Ne4 26. Bf4 c3 27. b4 c2
28. Rd3 g5 29. Bh2 Nc3 30. Rxc3 Rxc3 31. Nd4 Re1+ 32. Rxe1 32... c1=Q {
brutus resigns} 0-1

[Event "ICS Rated blitz match"]
[Site "204.178.125.65"]
[Date "1999.08.07"]
[Round "?"]
[White "Hossa"]
[Black "brutus"]
[Result "1/2-1/2"]
[WhiteElo "2505"]
[BlackElo "2070"]
[PlyCount "125"]
[EventDate "1999.??.??"]

1. d4 Nf6 2. c4 e6 3. Nc3 d5 4. Bg5 c6 5. Nf3 Nbd7 6. cxd5 exd5 7. e3 Bd6 8.
Bd3 O-O 9. Qc2 h6 10. Bh4 Re8 11. O-O Nf8 12. e4 dxe4 13. Nxe4 Be7 14. Rae1
Nxe4 15. Bxe7 Rxe7 16. Rxe4 Rxe4 17. Bxe4 Be6 18. a3 Qd6 19. Re1 Nd7 20. Bf5
Re8 21. Qa4 a6 22. Qc2 Re7 23. Re3 Nf6 24. Bxe6 Rxe6 25. Qb3 Re7 26. Qd3 Nd5
27. Rxe7 Qxe7 28. h3 f6 29. b4 Qe6 30. Kh2 Ne7 31. g3 Qd5 32. Kg1 Nf5 33. a4
Nd6 34. a5 Qe4 35. Qxe4 Nxe4 36. Ne1 Kf7 37. Nd3 Ke6 38. Nf4+ Kd6 39. Kg2 g5
40. f3 Nc3 41. Nh5 Ke6 42. f4 Nd5 43. fxg5 fxg5 44. Ng7+ Kf6 45. Ne8+ Ke7 46.
Ng7 Nxb4 47. Nf5+ Kf6 48. Nd6 Ke6 49. Nxb7 Kd5 50. Nd8 Kxd4 51. Nf7 c5 52. Nxh6
c4 53. Kf2 c3 54. Ke2 Ke4 55. Nf7 Kf5 56. Nh6+ Kg6 57. Ng4 Kf5 58. Nh6+ Ke4 59.
Nf7 Kf5 60. Nh6+ Kg6 61. Ng4 Kf5 62. Nh6+ Ke4 63. Nf7 {Game drawn by repetition
} 1/2-1/2

[Event "ICS rated blitz match"]
[Site "204.178.125.65"]
[Date "1999.08.07"]
[Round "?"]
[White "Hossa"]
[Black "brutus"]
[Result "1-0"]
[WhiteElo "2494"]
[BlackElo "2077"]
[PlyCount "32"]
[EventDate "1999.??.??"]

1. d4 Nf6 2. c4 e6 3. Nc3 d5 4. Bg5 Be7 5. e3 O-O 6. Nf3 c6 7. Bd3 dxc4 8. Bxc4
b5 9. Bd3 a6 10. Bxf6 Bxf6 11. Qc2 g6 12. O-O Nd7 13. Ne4 Be7 14. Qxc6 Ra7 15.
Rac1 Bb7 16. Qc7 16... Bd5 {brutus resigns} 1-0

[Event "ICS rated blitz match"]
[Site "204.178.125.65"]
[Date "1999.08.07"]
[Round "?"]
[White "DemonRook"]
[Black "Hossa"]
[Result "1/2-1/2"]
[WhiteElo "2097"]
[BlackElo "2497"]
[PlyCount "70"]
[EventDate "1999.??.??"]

1. e4 c6 2. d4 d5 3. Nc3 dxe4 4. Nxe4 Bf5 5. Ng3 Bg6 6. h4 Qa5+ 7. c3 Nf6 8. h5
Be4 9. Nxe4 Nxe4 10. Bd3 Nxc3 11. bxc3 Qxc3+ 12. Qd2 Qxa1 13. Ne2 Nd7 14. O-O
e5 15. Ba3 Qxf1+ 16. Kxf1 Bxa3 17. Qe3 f6 18. dxe5 fxe5 19. Bf5 Be7 20. Bxd7+
Kxd7 21. Qxe5 Bf6 22. Qf5+ Ke7 23. Nf4 Kd6 24. h6 Rhg8 25. Qxh7 gxh6 26. Qxb7
Bg5 27. Qb4+ c5 28. Qd2+ Kc6 29. Qd5+ Kb6 30. Nd3 Rac8 31. Qb3+ Kc6 32. Qe6+
Kb5 33. Qb3+ Kc6 34. Qe6+ Kb5 35. Qb3+ 35... Kc6 {Game drawn by repetition}
1/2-1/2